|
|
|
|
| LEADER |
01148nam a2200289 a 4500 |
| 001 |
4347490 |
| 008 |
091028s1990 maua b 001 0 eng d |
| 010 |
|
|
|a 89080943
|
| 020 |
|
|
|a 0395526728
|
| 020 |
|
|
|a 0395515483
|
| 040 |
|
|
|a DLC
|c DLC
|d DLC
|
| 082 |
0 |
0 |
|a 320.973
|2 20
|
| 100 |
1 |
|
|a Janda, Kenneth.
|
| 245 |
1 |
4 |
|a The challenge of democracy :
|b government in America /
|c Kenneth Janda, Jeffrey M. Berry, Jerry Goldman.
|
| 250 |
|
|
|a Brief ed. /
|b Earl Huff.
|
| 260 |
|
|
|a Boston :
|b Houghton Mifflin,
|c c1990.
|
| 300 |
|
|
|a xv, 385, 60 p. :
|b ill. (some col.) ;
|c 24 cm.
|
| 500 |
|
|
|a Abridged version of the 2nd ed. of The challenge of democracy.
|
| 504 |
|
|
|a Includes bibliographical references.
|
| 541 |
1 |
|
|e 00009688
|
| 651 |
|
0 |
|a United States
|x Politics and government.
|
| 700 |
1 |
|
|a Berry, Jeffrey M.,
|d 1948-
|
| 700 |
1 |
|
|a Goldman, Jerry.
|
| 700 |
1 |
|
|a Huff, Earl.
|
| 852 |
4 |
|
|a Ayesha Abed Library
|j General Shelf.
|
| 999 |
|
|
|c 4900
|d 4900
|
| 952 |
|
|
|0 0
|1 0
|2 ddc
|4 0
|6 320_973000000000000_JAN_1990
|7 0
|9 4725
|a BRACUL
|b BRACUL
|c GEN
|d 2009-10-28
|g 0.00
|l 0
|o 320.973 JAN
|p 3010009688
|r 2009-10-28
|t 1
|w 2009-10-28
|y BK
|x No price found in the accession register.
|